<?xml version="1.0" encoding="UTF-8"?><?xml-stylesheet type="text/xsl" href="static/style.xsl"?><OAI-PMH xmlns="http://www.openarchives.org/OAI/2.0/" xmlns:xsi="http://www.w3.org/2001/XMLSchema-instance" xsi:schemaLocation="http://www.openarchives.org/OAI/2.0/ http://www.openarchives.org/OAI/2.0/OAI-PMH.xsd"><responseDate>2026-04-27T08:12:51Z</responseDate><request verb="GetRecord" identifier="oai:uvadoc.uva.es:10324/4507" metadataPrefix="marc">https://uvadoc.uva.es/oai/request</request><GetRecord><record><header><identifier>oai:uvadoc.uva.es:10324/4507</identifier><datestamp>2021-06-18T09:26:36Z</datestamp><setSpec>com_10324_38</setSpec><setSpec>col_10324_787</setSpec></header><metadata><record xmlns="http://www.loc.gov/MARC21/slim" xmlns:doc="http://www.lyncode.com/xoai" xmlns:xsi="http://www.w3.org/2001/XMLSchema-instance" xmlns:dcterms="http://purl.org/dc/terms/" xsi:schemaLocation="http://www.loc.gov/MARC21/slim http://www.loc.gov/standards/marcxml/schema/MARC21slim.xsd">
<leader>00925njm 22002777a 4500</leader>
<datafield tag="042" ind1=" " ind2=" ">
<subfield code="a">dc</subfield>
</datafield>
<datafield tag="720" ind1=" " ind2=" ">
<subfield code="a">Martín Martínez, José Luis</subfield>
<subfield code="e">author</subfield>
</datafield>
<datafield tag="260" ind1=" " ind2=" ">
<subfield code="c">2013</subfield>
</datafield>
<datafield tag="520" ind1=" " ind2=" ">
<subfield code="a">El objeto de este trabajo surge ante la necesidad de realizar un análisis económico-financiero de las empresas pertenecientes al panel de proveedores, por parte del departamento de compras de una empresa de componentes de automóviles. para ello, reducimos el número de variables independientes a través de la aplicación de un análisis de componentes principales, para posteriormente, realizar una regresión logística, en la que la muestra de validación de nuestro modelo es el panel de proveedores. De esta forma, se ha demostrado la gran utilidad de los análisis estadísticos, en nuestro caso del modelo Logit, como complemento de un análisis fundamental de ratios a la hora de llevar a cabo un análisis económico-fonanciero de un conjunto de empresas.</subfield>
</datafield>
<datafield tag="024" ind2=" " ind1="8">
<subfield code="a">http://uvadoc.uva.es/handle/10324/4507</subfield>
</datafield>
<datafield ind1=" " ind2=" " tag="653">
<subfield code="a">Automóviles - Industria y comercio - Aspecto económico</subfield>
</datafield>
<datafield ind1=" " ind2=" " tag="653">
<subfield code="a">Análisis de regresión</subfield>
</datafield>
<datafield ind1=" " ind2=" " tag="653">
<subfield code="a">Empresas - Métodos estadísticos</subfield>
</datafield>
<datafield tag="245" ind1="0" ind2="0">
<subfield code="a">Análisis económico-financiero en el sector de componentes del automóvil : el riesgo en la gestión de proveedores</subfield>
</datafield>
</record></metadata></record></GetRecord></OAI-PMH>